000 01238nam a22003134a 4500
001 ebr10159702
003 CaPaEBR
006 m u
007 cr cn|||||||||
008 010719s2002 maua sb 001 0deng
020 _z1568811411
020 _z1568812167 (pbk.)
040 _aCaPaEBR
_cCaPaEBR
035 _a(OCoLC)560269864
050 1 4 _aQA26
_b.Y36 2002eb
082 0 4 _a510/.9/04
_221
100 1 _aYandell, Ben.
245 1 4 _aThe honors class
_h[electronic resource] :
_bHilbert's problems and their solvers /
_cBenjamin H. Yandell.
246 3 0 _aHilbert's problems and their solvers
260 _aNatick, Mass. :
_bA.K. Peters,
_cc2002.
300 _aix, 486 p. :
_bill.
504 _aIncludes bibliographical references (p. 453-472) and index.
533 _aElectronic reproduction.
_bPalo Alto, Calif. :
_cebrary,
_d2013.
_nAvailable via World Wide Web.
_nAccess may be limited to ebrary affiliated libraries.
650 0 _aMathematics
_xHistory
_y20th century.
650 0 _aMathematicians
_vBiography.
655 7 _aElectronic books.
_2local
710 2 _aebrary, Inc.
856 4 0 _uhttp://site.ebrary.com/lib/rucke/Doc?id=10159702
_zAn electronic book accessible through the World Wide Web; click to view
999 _c133533
_d133533